A concise history of theatre in Romania
Uloženo v:
| Hlavní autor: | |
|---|---|
| Médium: | Kniha |
| Jazyk: | Undetermined |
| Vydáno: |
Bucarest, Rumania
Editura Stiintificasi Enciclopedica
1981
|
| Témata: | |
| Tagy: |
Přidat tag
Žádné tagy, Buďte první, kdo vytvoří štítek k tomuto záznamu!
|
MARC
| LEADER | 00000nam a2200000Ia 4500 | ||
|---|---|---|---|
| 008 | 170316s9999 xx 000 0 und d | ||
| 040 | |a cru BVZT | ||
| 090 | |a 859 I-1a | ||
| 100 | |a Ionescu, Medeea | ||
| 245 | 2 | |a A concise history of theatre in Romania | |
| 260 | |a Bucarest, Rumania | ||
| 260 | |b Editura Stiintificasi Enciclopedica | ||
| 260 | |c 1981 | ||
| 300 | |a 68 páginas | ||
| 650 | |a LITERATURA RUMANA | ||
| 999 | |c 8260 |d 8260 | ||
| 942 | |c 15 D |h 859 I-1a |2 z | ||
